Film d'animazione con maggiori incassi negli anni 2010 - Statistics

Statistiche generali
  • Questo quiz è stato fatto 33 volte
  • Il punteggio medio è 7 su 15
Statistiche sulle risposte
Incasso ($) Anno di uscita del film Film % Corretto
1 290 000 000 2013 Frozen
86%
1 450 026 933 2019 Frozen II - Il segreto di Arendelle
86%
1 066 696 703 2010 Toy Story 3 - La grande fuga
61%
1 073 394 593 2019 Toy Story 4
61%
857 611 174 2015 Inside Out
57%
807 082 196 2017 Coco
54%
970 761 885 2013 Cattivissimo me 2
43%
1 034 799 409 2017 Cattivissimo me 3
43%
877 244 782 2012 L'era glaciale 4 - Continenti alla deriva
43%
1 159 398 397 2015 Minions
43%
1 656 943 394 2019 Il re leone
39%
1 023 784 195 2016 Zootropolis
39%
1 242 693 333 2018 Gli Incredibili 2
25%
1 028 570 889 2016 Alla ricerca di Dory
18%
875 457 937 2016 Pets - Vita da animali
4%
Nessun quiz corrispondente trovato
Distribuzione punteggi
Percentuale di utenti per punteggio
Percentile per numero di risposta
I tuoi punteggi nel tempo
Non hai fatto questo quiz